Statystyki dla Prezydenci Poznania po 1918 roku

Kliknij tutaj aby rozwiązać quiz!

Ogólne statystyki

  • Ten quiz został rozwiązany 13 razy
  • Średni wynik to 3 z 21

Statystyki odpowiedzi

Lata sprawowania urzęduImię i nazwisko% Poprawnych
2014 - obecnieJacek Jaśkowiak
100%
1998 - 2014Ryszard Grobelny
80%
1922 - 1934Cyryl Ratajski
50%
1939Cyryl Ratajski
50%
1990 - 1998Wojciech Szczęsny Kaczmarek
40%
1982 - 1990Andrzej Wituski
0%
1934 - 1937Erwin Więckowski
0%
1945Feliks Maciejewski
0%
1950 - 1961 (PPMRN)Franciszek Frąckowiak
0%
1939 - 1945 (burmistrz)Gerhard Scheffler
0%
1918 - 1921Jarogniew Drwęski
0%
1961 - 1973 (PPMRN)Jerzy Kusiak
0%
1948 - 1950Leon Murzynowski
0%
1921 - 1922Mikołaj Kiedacz
0%
1938 - 1939Stanisław Celichowski
0%
1969 - 1973 (PPMRN)Stanisław Cozaś
0%
1973 - 1975Stanisław Cozaś
0%
1981 - 1982Stanisław Piotrowicz
0%
1945 - 1948Stanisław Sroka
0%
1937 - 1938Tadeusz Ruge
0%
1975 - 1981Władysław Śleboda
0%

Rozkład punktacji

Percentyl według liczby udzielonych odpowiedzi

Procent ludzi z każdym wynikiem

Twoja historia wyników

Nie rozwiązałeś tego quizu